Harry Potter: les Feuxfous Fuseboum - Statistiques

Statistiques générales
  • Ce quiz a été pris 19 fois
  • Le résultat moyen est 7 sur 10
Statistiques - réponses
Information Réponses % Correct
Fabricant Fred Weasley
100%
Fabricant George Weasley
100%
Première apparition Harry Potter et l'Ordre du Phénix
88%
Dernière apparition Harry Potter et l'Ordre du Phénix
88%
Vendeur Weasley, Farces pour Sorciers Facétieux
75%
Année de création 1996
63%
Prix 20 Gallions
38%
Prix 5 Gallions
38%
Feuxfous Fuseboum connu Déflagration deluxe
38%
Feuxfous Fuseboum connu Flambée de base
31%
Aucun quiz correspondant
Distribution des résultats
% des personnes avec chaque résultat
Percentile par nombre de réponses
Votre historique - résultats
Vous n’avez pas pris ce quiz